Privileged for three centuries : the house of Chamsi /

محفوظ في:

المؤلف الرئيسي: Raafat, Samir W. (مؤلف)

التنسيق: كتاب

اللغة: English
Arabic

منشور في: Cairo : Samir W. Raafat, 2011.

الموضوعات:

الوسوم: إضافة وسم

لا توجد وسوم, كن أول من يضع وسما على هذه التسجيلة!

رقم الطلب: DT107.2 .A2 R33

LEADER 01110nam a22003257a 4500
003 OSt
005 20260405121314.0
008 260405t2011 ua achj b 001 0beng d
010 |a 2011345445 
020 |a 978977716083 
040 |c ARCE Library 
041 0 |a eng  |a ara 
043 |a f-ua--- 
050 1 4 |a DT107.2 .A2  |b R33 
100 1 |a Raafat, Samir W.,  |e author 
245 1 0 |a Privileged for three centuries :   |b the house of Chamsi /   |c Samir W. Raafat. 
246 3 |a Privileged for 3 centuries : the house of Chamsi. 
246 1 4 |a House of Chamsi Pasha. 
264 1 |a Cairo :   |b Samir W. Raafat,   |c 2011. 
300 |a 254 pages :   |b illustrations, portraits, facsimiles, genealogical tables ;   |c 24 cm. 
504 |a Includes bibliographical references (pages 248-249) and index. 
546 |a Text in English and Arabic. 
555 |a wafaa.lib 
600 1 0 |a Shamsī, Amīn,   |d 1835 1913.  |9 39825 
650 0 |a Politicians  |z Egypt  |v Biography. 
650 0 |a Nationalism  |z Egypt  |x History. 
651 0 |a Egypt  |x Politics and government  |y 1882-1952. 
901 |a reviewed 
942 |c BK  |2 lcc 
999 |c 21448  |d 21448